Temas y cuestiones para reflexionar sobre gestión social y desarrollo humano /
El siguiente artículo se constituye en una base de reflexiones sobre los distintos vínculos teóricos y prácticos entre la gerencia social, la gestión social y el desarrollo humano, y su importancia para el Trabajo Social.
Збережено в:
| Автор: | |
|---|---|
| Формат: | Текст |
| Предмети: | |
| Теги: |
Додати тег
Немає тегів, Будьте першим, хто поставить тег для цього запису!
|
MARC
| LEADER | 00000 a a2200000 04500 | ||
|---|---|---|---|
| 001 | 44500 | ||
| 003 | |||
| 040 | |||
| 100 | |a Ander-Egg, Ezequiel | ||
| 245 | |a Temas y cuestiones para reflexionar sobre gestión social y desarrollo humano / |c Ezequiel Ander-Egg | ||
| 500 | |a rutria@cable.net.co | ||
| 520 | |a El siguiente artículo se constituye en una base de reflexiones sobre los distintos vínculos teóricos y prácticos entre la gerencia social, la gestión social y el desarrollo humano, y su importancia para el Trabajo Social. | ||
| 590 | |a RRH/ENERO2014 | ||
| 650 | |a 1.SERVICIOS SOCIALES | ||
| 650 | |a 2.ESTADO | ||
| 650 | |a 3.DESARROLLO HUMANO | ||
| 650 | |a 4.TRABAJO SOCIAL | ||
| 650 | |a 5.ADMINISTRACION | ||
| 773 | |g páginas 41-49 | ||
| 999 | |c 26286 |d 26286 | ||
